=LDR 00000nam 2200000 4500 =001 INLIS000000000033244 =005 20241230110038 =035 ##$$a 0010-061300000033244 =008 241230################g##########0#ind## =041 ##$$a ind =082 ##$$a 346.02 =090 ##$$a 345.02, Sal,h =100 ##$$a Salim =245 1#$$a Hukum kontrak : $b Teori dan teknik penyusunan kontrak /$c Salim,H.S., S.H., M.S. =260 ##$$a Jakarta :$b Sinar Grafika,$c 2006 =300 ##$$a ix,189 hlm., ; $c 23 x 16 cm. =650 #4$$a Hukum Kontrak =850 ##$$a NBPNMAT =020 ##$$a 979-3421-47-9 =084 ##$$a 346.02 SAL h =990 ##$$a 21004193 =990 ##$$a 20705826 =990 ##$$a 20610484 =990 ##$$a 20605369 =990 ##$$a 21004190 =990 ##$$a 21004191 =990 ##$$a 20705829 =990 ##$$a 20611932 =990 ##$$a 21004192 =990 ##$$a 20605370 =990 ##$$a 20705827 =990 ##$$a 20610486